| 000 | 01381nam a2200229Ia 4500 | ||
|---|---|---|---|
| 003 | Ost | ||
| 005 | 20260507075040.0 | ||
| 008 | 260507s9999||||xx |||||||||||||| ||und|| | ||
| 020 | _ax085509957 | ||
| 040 | _cfsecg | ||
| 041 | _aara | ||
| 082 | _a330 | ||
| 100 |
_aالصمادي، حازم نعيم _eمؤلف |
||
| 245 | 0 |
_aالمسؤولية في العمليات المصرفية الالكترونية : _bالوسائل الالكترونية، العمليات الالكترونية، العقد الالكتروني، المسؤولية، الضرر وعلاقة السببية، الإثبات والتوقيع الالكتروني، المحكمة المختصة، القانون الواجب التطبيق، الضمان / _c حازم نعيم الصمادي |
|
| 260 |
_aعمان: _bدار وائل للنشر, _c2003 |
||
| 300 |
_a280 صفحة؛ _c25 سم |
||
| 520 | _aالوسائل الالكترونية المصرفية والجوانب القانونية المتصلة بها،تحديد مفهوم المسؤولية في إطار العمليات المصرفية الالكترونية،المسؤولية عن الفعل الضار(المسؤولية التقصيرية)،الضرر وعلاقة السببية | ||
| 653 | _aالبنوك | ||
| 653 | _aالحاسبات الالكترونية | ||
| 653 | _aالمسؤولية | ||
| 942 | _cكتاب | ||
| 999 |
_c42504 _d42504 |
||